Проектирование модели профессиональной подготовки учителей начальных классов в условиях бакалавриата (Запись № 10026674)

Подробности
000 -МАРКЕР
контрольное поле 02619nam0a2200373 4500
001 - ИДЕНТИФИКАТОР ЗАПИСИ
контрольное поле RU\NLR\BIBL_A\010772161
005 - ИДЕНТИФИКАТОР ВЕРСИИ
контрольное поле 20260408103229.0
010 ## - МЕЖДУНАРОДНЫЙ СТАНДАРТНЫЙ НОМЕР КНИГИ (ISBN)
Номер (ISBN) 978-5-243-00332-2
Тираж 100
021 ## - НОМЕР ГОСУДАРСТВЕННОЙ РЕГИСТРАЦИИ
Код страны Российская Федерация
Номер 2015-29335
Номер Листа государственной регистраци 1736
035 ## - ДРУГИЕ СИСТЕМНЫЕ НОМЕРА
Идентификатор записи (NILC)RuMoRGB-007913380
035 ## - ДРУГИЕ СИСТЕМНЫЕ НОМЕРА
Идентификатор записи (NLR Aleph) 010772161
100 ## - ДАННЫЕ ОБЩЕЙ ОБРАБОТКИ
Данные общей обработки 20150529d2014 |||y0rusy50 ca
101 0# - ЯЗЫК РЕСУРСА
Язык текста, звукозаписи и т.д. русский
102 ## - СТРАНА ПУБЛИКАЦИИ ИЛИ ПРОИЗВОДСТВА
Страна публикации Российская Федерация
105 ## - ПОЛЕ КОДИРОВАННЫХ ДАННЫХ: ТЕКСТОВЫЕ МАТЕРИАЛЫ, МОНОГРАФИЧЕСКИЕ
Кодированные данные о монографическом текстовом документе a z 000yy
200 1# - ЗАГЛАВИЕ И СВЕДЕНИЯ ОБ ОТВЕТСТВЕННОСТИ
Основное заглавие Проектирование модели профессиональной подготовки учителей начальных классов в условиях бакалавриата
Сведения, относящиеся к заглавию коллективная монография
Первые сведения об ответственности [Л. П. Стойлова, к.п.н., Л. С. Сильченкова, д.п.н., Н. М. Конышева, д.п.н. и др.
Последующие сведения об ответственности науч. ред.: к.п.н., проф. Л. П. Стойлова]
-- Департамент образования г. Москвы, Гос. бюджетное образовательное учреждение высш. проф. образования г. Москвы "Московский гор. пед. ун-т" (ГБОУ ВПО МГПУ), Науч.-исслед. ин-т столичного образования, Лаб. инноваций в начальном образовании
210 ## - ПУБЛИКАЦИЯ, РАСПРОСТРАНЕНИЕ И ДР.
Место издания, распространения и т.д. Москва
Имя издателя, распространителя и т. д. Московский городской педагогический университет, Научно-информационный издательский центр
Дата издания, распространения и т.д. 2014
215 ## - ФИЗИЧЕСКАЯ ХАРАКТЕРИСТИКА
Специфическое обозначение материала и объем 127 с.
Другие сведения о физической характеристике ил.
Размеры 21
300 ## - ОБЩИЕ ПРИМЕЧАНИЯ
Текст примечания Авт. указаны на обороте тит. л.
606 1# - НАИМЕНОВАНИЕ ТЕМЫ КАК ПРЕДМЕТ
Наименование темы Учителя начальной школы
Тематический подзаголовок Подготовка
Системный номер авторитетной/нормативной записи 1828443
Идентификатор авторитетной/нормативной записи RU\NLR\AUTH\66826510
606 1# - НАИМЕНОВАНИЕ ТЕМЫ КАК ПРЕДМЕТ
Наименование темы Педагогическое образование
Тематический подзаголовок Бакалавриат
Системный номер авторитетной/нормативной записи 2478343
Идентификатор авторитетной/нормативной записи RU\NLR\AUTH\6601688097
610 0# - НЕКОНТРОЛИРУЕМЫЕ ПРЕДМЕТНЫЕ ТЕРМИНЫ
Предметный термин учителя начальной школы
686 1# - ИНДЕКСЫ ДРУГИХ КЛАССИФИКАЦИЙ
Индекс Ч489.518.21
701 #1 - ИМЯ ЛИЦА - АЛЬТЕРНАТИВНАЯ ОТВЕТСТВЕННОСТЬ
Начальный элемент ввода Стойлова
Часть имени, кроме начального элемента ввода Л. П.
Расширение инициалов личного имени Любовь Петровна
Код отношения Автор
-- Редактор
701 #1 - ИМЯ ЛИЦА - АЛЬТЕРНАТИВНАЯ ОТВЕТСТВЕННОСТЬ
Начальный элемент ввода Сильченкова
Часть имени, кроме начального элемента ввода Л. С.
Расширение инициалов личного имени Людмила Семеновна
701 #1 - ИМЯ ЛИЦА - АЛЬТЕРНАТИВНАЯ ОТВЕТСТВЕННОСТЬ
Код отношения Автор
Графика поля Кириллица
Материалы, к которым относится поле rus
Начальный элемент ввода Конышева
Часть имени, кроме начального элемента ввода Н. М.
Даты 1947-
Расширение инициалов личного имени Наталья Михайловна
Системный номер авторитетной/нормативной записи 114211
Идентификатор авторитетной/нормативной записи RU\NLR\AUTH\774229
712 02 - НАИМЕНОВАНИЕ ОРГАНИЗАЦИИ - ВТОРИЧНАЯ ОТВЕТСТВЕННОСТЬ
Код отношения Прочие
Начальный элемент ввода НИИ столичного образования
Структурное подразделение Лаборатория инноваций в начальном образовании
Идентифицирующий признак Москва
Системный номер авторитетной/нормативной записи 370782
Идентификатор авторитетной/нормативной записи RU\NLR\AUTH\8810242446
801 #0 - ИСТОЧНИК ЗАПИСИ
Страна Российская Федерация
Организация РГБ
Дата составления 20150416
Правила каталогизации RCR
942 ## - ДОПОЛНИТЕЛЬНЫЕ ЭЛЕМЕНТЫ ЗАПИСИ (АБИС)
Тип экземпляра АБИС Книга
980 ## - КОЛЛЕКЦИЯ
Название коллекции НБР
980 ## - КОЛЛЕКЦИЯ
Название коллекции Национальная библиография
Экземпляры
Тип экземпляра Дата поступления Источник поступления Библиотека постоянного хранения Библиотека текущего хранения Место хранения Шифр хранения Штрих-код Статус экземпляра
Книга 29.05.2015 Обязательный экземпляр РНБ (Московский) РНБ (Московский) Русский книжный фонд: издания с 1957 года 2015-3/17339 1-987815